Classic golf courses of Great Britain & Ireland : a hole-by-hole companion /

Saved in:
Bibliographic Details
Main Author: Edmund, Nick.
Other Authors: Harris, Matthew.
Format: Book
Language:English
Published: Boston : Little, Brown, c1997.
Edition:1st ed.
Series:Strokesaver
Subjects:
Tags: Add Tag
No Tags, Be the first to tag this record!
LEADER 00811nam a2200265Ia 4500
001 007777498-1
005 20020606104010.5
008 971103s1997 mauab 000 0 eng d
010 |a  97071569  
020 |a 0821224727 
035 0 |a ocm37884406 
040 |a LPU  |c LPU  |d FLL 
050 0 0 |a GV984  |b .E34 2000 
100 1 |a Edmund, Nick. 
245 1 0 |a Classic golf courses of Great Britain & Ireland :  |b a hole-by-hole companion /  |c Nick Edmund ; photographs by Matthew Harris. 
250 |a 1st ed. 
260 |a Boston :  |b Little, Brown,  |c c1997. 
300 |a 207 p. :  |b col. ill., col. maps ;  |c 28 cm. 
490 0 |a Strokesaver 
500 |a "A Bulfinch press book." 
650 0 |a Golf courses  |z Great Britain. 
650 0 |a Golf courses  |z Ireland. 
700 1 |a Harris, Matthew. 
988 |a 20020608 
906 |0 OCLC